01261nam a2200253 a 450000100100000000500170001000800410002702000150006804000250008304100130010808200150012110000290013624503190016524601170048426000600060130000510066150000470071250400270075954600250078670000300081170000360084195201130087799900170099000004494620201002045743.0150122s1983 vauabc 000 0 spa d a0911713018 aDO-SdBNPbspacBNPHU17aspa2eng axxxxbxxxx1 aMashek, Robert W.97296213aLa Fundación Interamericana en la República Dominicana :buna década de apoyo a las Organizaciones de desarrollo locales = The Interamerican Foundation in the Dominican Republic : a decade of support for local development organizations /cRobert W. Mashek y Stephen G. Vetter ; traductora Elizabeth E. Couts.10aThe Interamerican Foundation in the Dominican Republic : a decade of support for local development organizations aRosslyn, Virginia :bFundación Interamericana,c1983. a41, [32], 43 p :bil., mapas, retrs. ;c21 cm. aIncluye datos biográficos de los autores aBibliografía : p. 40 aEspañol, Inglés.1 aVetter, Stephen G.9729631 aCouts, Elizabeth E.etr.972964 001050718MOaPDbPDcCTd2015-01-22iLF1l0oxxxx xxxxp44946-10r2020-06-25w2020-06-25y1ZNo se presta c44435d44435